Welcome to CU Library Online Public Access Catalogue (OPAC)

Radio production / (Record no. 9605)

MARC details
000 -LEADER
fixed length control field 00685cam a2200217 i 4500
001 - CONTROL NUMBER
control field 18571249
005 - DATE AND TIME OF LATEST TRANSACTION
control field 20260424115413.0
008 - FIXED-LENGTH DATA ELEMENTS--GENERAL INFORMATION
fixed length control field 150410s2016 nyua 000 0 eng
020 ## - INTERNATIONAL STANDARD BOOK NUMBER
International Standard Book Number 9781138819979
Qualifying information pbk.
050 00 - LIBRARY OF CONGRESS CALL NUMBER
Classification number PN1991.75
Item number .M34 2016
082 00 - DEWEY DECIMAL CLASSIFICATION NUMBER
Classification number 791.4402/32
Edition information 23
100 1# - MAIN ENTRY--PERSONAL NAME
Personal name McLeish, Robert,
Relator term author.
245 10 - TITLE STATEMENT
Title Radio production /
Statement of responsibility, etc. Robert McLeish and Jeff Link.
250 ## - EDITION STATEMENT
Edition statement Sixth edition.
260 ## - PUBLICATION, DISTRIBUTION, ETC.
Place of publication, distribution, etc. New York
Name of publisher, distributor, etc. Focal Press
Date of publication, distribution, etc. 2016
300 ## - PHYSICAL DESCRIPTION
Extent xvi, 418 pages :
Other physical details illustrations ;
Dimensions 24 cm
650 #0 - SUBJECT ADDED ENTRY--TOPICAL TERM
Topical term or geographic name entry element Radio
General subdivision Production and direction.
650 #0 - SUBJECT ADDED ENTRY--TOPICAL TERM
Topical term or geographic name entry element Radio plays
General subdivision Production and direction.
700 1# - ADDED ENTRY--PERSONAL NAME
Personal name Link, Jeff,
Dates associated with a name 1946-
Relator term author.
942 ## - ADDED ENTRY ELEMENTS (KOHA)
Source of classification or shelving scheme Library of Congress Classification
Koha item type Books
Edition 6th Ed.
Suppress in OPAC No
999 ## -
-- 9605
-- 9605
Holdings
Withdrawn status Lost status Source of classification or shelving scheme Damaged status Not for loan Collection Home library Current library Shelving location Date acquired Total checkouts Full call number Barcode Date last seen Copy number Price effective from Koha item type
    Library of Congress Classification     Non-fiction Business Library (Miotso) Business Library (Miotso) General stacks 03/27/2026   PN1991.75 .M34 MCL BSSM00003738 04/24/2026 1 03/27/2026 Books
    Library of Congress Classification     Non-fiction Business Library (Miotso) Business Library (Miotso) General stacks 03/27/2026   PN1991.75 .M34 MCL BSSM00003739 04/24/2026 2 03/27/2026 Books
    Library of Congress Classification     Non-fiction Business Library (Miotso) Business Library (Miotso) General stacks 03/27/2026   PN1991.75 .M34 MCL BSSM00003740 04/24/2026 3 03/27/2026 Books
    Library of Congress Classification     Non-fiction Business Library (Miotso) Business Library (Miotso) General stacks 03/27/2026   PN1991.75 .M34 MCL BSSM00003741 04/24/2026 4 03/27/2026 Books
    Library of Congress Classification     Non-fiction Business Library (Miotso) Business Library (Miotso) General stacks 03/27/2026   PN1991.75 .M34 MCL BSSM00003742 04/24/2026 5 03/27/2026 Books
© 2023-2024 Copyright: Central University Libraries. All Rights Reserved | Created by: Mahone Tech Office